El rio : [La vida natural de un rio vista de cerca] / (Record no. 27015)
[ view plain ]
| 000 -LEADER | |
|---|---|
| fixed length control field | 00691nam a22002297a 4500 |
| 001 - CONTROL NUMBER | |
| control field | sjds |
| 003 - CONTROL NUMBER IDENTIFIER | |
| control field | sjds |
| 005 - DATE AND TIME OF LATEST TRANSACTION | |
| control field | 20220506130842.0 |
| 008 - FIXED-LENGTH DATA ELEMENTS--GENERAL INFORMATION | |
| fixed length control field | 220506b sp ||||| |||| 00| 0 spa d |
| 020 ## - INTERNATIONAL STANDARD BOOK NUMBER | |
| International Standard Book Number | 9788420748559 |
| 020 ## - INTERNATIONAL STANDARD BOOK NUMBER | |
| International Standard Book Number | 8420748552 |
| 040 ## - CATALOGING SOURCE | |
| Transcribing agency | sjds |
| 041 ## - LANGUAGE CODE | |
| Language code of text/sound track or separate title | spa |
| Language code of original | eng |
| 100 ## - MAIN ENTRY--PERSONAL NAME | |
| Personal name | Taylor, Barbara |
| 245 13 - TITLE STATEMENT | |
| Title | El rio : [La vida natural de un rio vista de cerca] / |
| Statement of responsibility, etc. | texto de Barbara Taylor ; fotografías de Frank Greenaway ... ; traduccion de Juan Manuel Ibeas |
| 260 ## - PUBLICATION, DISTRIBUTION, ETC. (IMPRINT) | |
| Place of publication, distribution, etc. | Madrid : |
| Name of publisher, distributor, etc. | Anaya, |
| Date of publication, distribution, etc. | 1993 |
| 300 ## - PHYSICAL DESCRIPTION | |
| Extent | 29 p. : |
| Other physical details | il. color ; |
| Dimensions | 26 cm |
| 440 ## - SERIES STATEMENT/ADDED ENTRY--TITLE | |
| Title | Mira de cerca, |
| Number of part/section of a work | 5 |
| 700 10 - ADDED ENTRY--PERSONAL NAME | |
| Personal name | Greenaway, Frank |
| 700 10 - ADDED ENTRY--PERSONAL NAME | |
| Personal name | Ibeas Delgado, Juan Manuel. |
| 942 ## - ADDED ENTRY ELEMENTS (KOHA) | |
| Koha item type | Libro/Book |
| Withdrawn status | Lost status | Damaged status | Not for loan | Home library | Current library | Shelving location | Date acquired | Inventory number | Total Checkouts | Total Renewals | Full call number | Barcode | Checked out | Date last seen | Date checked out | Price effective from | Koha item type |
|---|---|---|---|---|---|---|---|---|---|---|---|---|---|---|---|---|---|
| San Juan Del Sur -- Biblioteca | San Juan Del Sur -- Biblioteca | Children's Area | 06/05/2022 | Inventory date: 15-5-25 | 9 | 1 | JES | 30028842 | 19/03/2026 | 12/02/2026 | 12/02/2026 | 06/05/2022 | Libro/Book |